banner koha

Solos e aptidão agrícola das terras da Bacia do Araguaia-Tocantins (Registro n. 299250)

MARC details
000 -LÍDER
Campo de controle fixo 01084nam a22003497a 4500
001 - NÚMERO DE CONTROLE
Número de controle BR2024000865
003 - CÓDIGO MARC DA AGÊNCIA CATALOGADORA
Campo de controle BR-BrBNA
005 - DATA E HORA DA ÚLTIMA ATUALIZAÇÃO
Campo de controle 20240421123509.0
008 - CAMPO DE TAMANHO FIXO
Campo fixo de controle 240421b bl.||||| |||| 00| 0 por d
040 ## - FONTE DA CATALOGAÇÃO
Agência catalogadora BR-BrBNA
Idioma da catalogação por
041 ## - CÓDIGO DO IDIOMA
Código do Idioma por
072 ## - CATEGORIA AGRIS
Código da categoria de assunto/objeto <a href="P31 ; P32 ; E11">P31 ; P32 ; E11</a>
090 ## - NÚMERO DE CHAMADA
Localização na estante P31 BR2024000865
110 ## - ENTRADA PRINCIPAL - ENTIDADE
Nome da entidade ou lugar Ministério do Interior, Brasília, DF (Brasil)
9 (RLIN) 7113
245 ## - TÍTULO PRINCIPAL
Título principal Solos e aptidão agrícola das terras da Bacia do Araguaia-Tocantins
Subtítulo PRODIAT - Projeto de Desenvolvimento Integrado da Bacia do Araguaia-Tocantins; Convênio Governo Brasileiro-OEA
260 ## - IMPRENTA (PUBLICAÇÃO, DISTRIBUIÇÃO, ETC.)
Lugar de publicação, distribuição, etc. Brasília, DF (Brasil)
Data de publicação, distribuição, etc 1984
300 ## - DESCRIÇÃO FÍSICA
Extensão 83 p.
Detalhes físicos adicionais il.
500 ## - NOTA GERAL
Notas gerais 27 ref.; 4 illus.; 6 tables
650 ## - ASSUNTO - THESAGRO
Cabeçalho tópico ou nome geográfico SOLO
650 ## - ASSUNTO - THESAGRO
Cabeçalho tópico ou nome geográfico PEDOLOGIA
650 ## - ASSUNTO - THESAGRO
Cabeçalho tópico ou nome geográfico MORFOLOGIA DO SOLO
650 ## - ASSUNTO - THESAGRO
Cabeçalho tópico ou nome geográfico FÍSICA DO SOLO
650 ## - ASSUNTO - THESAGRO
Cabeçalho tópico ou nome geográfico QUÍMICA DO SOLO
650 ## - ASSUNTO - THESAGRO
Cabeçalho tópico ou nome geográfico CLASSIFICAÇÃO DO SOLO
650 ## - ASSUNTO - THESAGRO
Cabeçalho tópico ou nome geográfico CARTOGRAFIA
650 ## - ASSUNTO - THESAGRO
Cabeçalho tópico ou nome geográfico CLIMATOLOGIA
650 ## - ASSUNTO - THESAGRO
Cabeçalho tópico ou nome geográfico GEOLOGIA
650 ## - ASSUNTO - THESAGRO
Cabeçalho tópico ou nome geográfico APTIDÃO AGRÍCOLA
650 ## - ASSUNTO - THESAGRO
Cabeçalho tópico ou nome geográfico BACIA DO ARAGUAIA-TOCANTINS
909 ## - IDENTIFICAÇÃO DO CATALOGADOR
Ano e mês da catalogação (aaaamm) 202404
Identificação do catalogador Fernando
942 ## - TIPO ESPECÍFICO
Tipo de material Livros
952 ## - LOCATION AND ITEM INFORMATION (KOHA)
-- 2024-04-21
Exemplares
Status de empréstimo Fonte de classificação Status de danificação Não pode ser emprestado Código da coleção Localização permanente Localização atual Localização na estante Total Checkouts Número de chamada Código de barras Tipo de material
  Classificação AGRIS     Agrobase Biblioteca Nacional de Agricultura - Binagri Biblioteca Nacional de Agricultura - Binagri Agrobase - Acervo Geral   P31 BR2024000865 2024-0954 Livros

BINAGRI

Telefone: (61)3218-2567/2388/3357/2097 - binagri@agro.gov.br

Ministério da Agricultura e Pecuária , Esplanada dos Ministérios, Bloco D, Anexo B, Brasília/DF, CEP: 70.043-900